00342nam a2200133Ia 4500003000400000005001700004008004100021040001800062041000800080100004400088110001700132245003900149260002000188OSt20230526162038.0211028s2016 xx 000 0 und d cAIMIT LIBRARY aeng aRosario, Reshma; Srinivas, B L.e141920 aSrinivas B L aFinancial asset management system. aMangalorec2016